Little women / (Record no. 5969)

MARC details
000 -LEADER
fixed length control field 01319cam a2200361 a 4500
001 - CONTROL NUMBER
control field 5969
003 - CONTROL NUMBER IDENTIFIER
control field FISKH
005 - DATE AND TIME OF LATEST TRANSACTION
control field 20250225094257.0
008 - FIXED-LENGTH DATA ELEMENTS--GENERAL INFORMATION
fixed length control field 080616r20081868nyu 000 1 eng
010 ## - LIBRARY OF CONGRESS CONTROL NUMBER
LC control number 2008274335
020 ## - INTERNATIONAL STANDARD BOOK NUMBER
International Standard Book Number 9780142408766 (pbk.)
Terms of availability $13.50
040 ## - CATALOGING SOURCE
Original cataloging agency FISKH
Transcribing agency FISKH
Language of cataloging eng
Modifying agency FISKH
050 ## - LIBRARY OF CONGRESS CALL NUMBER
Classification number PS1017 .L5
082 ## - DEWEY DECIMAL CLASSIFICATION NUMBER
Classification number 813.4
100 1# - MAIN ENTRY--PERSONAL NAME
Personal name Alcott, Louisa May,
Dates associated with a name 1832-1888.
245 10 - TITLE STATEMENT
Title Little women /
Statement of responsibility, etc. Louisa May Alcott ; introduced by Louise Rennison.
260 ## - PUBLICATION, DISTRIBUTION, ETC.
Place of publication, distribution, etc. New York :
Name of publisher, distributor, etc. Puffin Books,
Date of publication, distribution, etc. 2008.
300 ## - PHYSICAL DESCRIPTION
Extent 777 pages :
Dimensions 18 cm.
490 0# - SERIES STATEMENT
Series statement Puffin classics
500 ## - GENERAL NOTE
General note Includes: "A behind-the-scenes journey, including an author profile, a guide to who's who, activities and more--"--P. [4] of cover.
520 ## - SUMMARY, ETC.
Summary, etc. Chronicles the joys and sorrows of the four March sisters as they grow into young ladies in nineteenth-century New England.
650 #0 - SUBJECT ADDED ENTRY--TOPICAL TERM
Topical term or geographic name entry element March family (Fictitious characters)
Form subdivision Fiction.
650 #0 - SUBJECT ADDED ENTRY--TOPICAL TERM
Topical term or geographic name entry element Mothers and daughters
Form subdivision Fiction.
650 #0 - SUBJECT ADDED ENTRY--TOPICAL TERM
Topical term or geographic name entry element Young women
Form subdivision Fiction.
650 #0 - SUBJECT ADDED ENTRY--TOPICAL TERM
Topical term or geographic name entry element Sisters
Form subdivision Fiction.
651 #0 - SUBJECT ADDED ENTRY--GEOGRAPHIC NAME
Geographic name New England
Form subdivision Fiction.
655 #0 - INDEX TERM--GENRE/FORM
Genre/form data or focus term Domestic fiction.
655 #7 - INDEX TERM--GENRE/FORM
Genre/form data or focus term Bildungsromans.
Source of term gsafd
700 ## - ADDED ENTRY--PERSONAL NAME
Personal name Rennison, Louise
Relator term Introducer
906 ## - LOCAL DATA ELEMENT F, LDF (RLIN)
a 7
b cbc
c origcop
d 2
e ncip
f 20
g y-gencatlg
942 ## - ADDED ENTRY ELEMENTS (KOHA)
Source of classification or shelving scheme Dewey Decimal Classification
Koha item type Books
Suppress in OPAC No
Holdings
Withdrawn status Lost status Source of classification or shelving scheme Damaged status Not for loan Collection Home library Current library Shelving location Date acquired Total Checkouts Full call number Barcode Date last seen Date last checked out Price effective from Koha item type
    Dewey Decimal Classification     Fiction Footprints International School Library Network Toul Tom Poung Campus Footprints International School Library Network Toul Kork Campus TTP Secondary Fiction Bookshelves 02/14/2025 6 ALC 813.4 PS1017 .L5 2025-0570 03/11/2026 03/11/2026 02/14/2025 Books